| 000 | 01040cam a2200253 4500 | ||
|---|---|---|---|
| 008 | #DATE n2002 000 0 eng u | ||
| 020 | _a184311139X | ||
| 035 | _a(Sirsi) u117627 | ||
| 041 | _aeng | ||
| 050 |
_a347.4109 _c18 |
||
| 100 | _aCato, D. Mark | ||
| 245 | _aArbitration practice and procedure : interlocutory and hearing problems | ||
| 250 | _a3rd ed. | ||
| 260 |
_aLondon _bInforma _c2002 |
||
| 300 |
_alxxxviii,1513p. _c25cm. |
||
| 350 | _a250 | ||
| 490 | _aLloyd's Commercial Law Library | ||
| 520 | _aThird edition of this comprehensive legal text which sets out to provide practical guidance for arbitrators by printing examples of actual arbitrations with comments and citations. Arranged in alphabetical order by subject the book is endorsed by both RICS and the RIBA. | ||
| 650 | _aMANAGEMENT-DISPUTE AVOIDANCE, MANAGEMENT AND RESOLUTION-DISPUTE MANAGEMENT AND RESOLUTION-ARBITRATION | ||
| 650 | _aARBITRATION LAW | ||
| 650 | _aARBITRATION PROCEEDINGS | ||
| 690 |
_aDispute resolution _96236 |
||
| 942 | _n0 | ||
| 999 |
_c102037 _d102037 |
||